The scientific results from the orbiting astronomical observatory (Record no. 7412)
[ view plain ]
| 000 -LEADER | |
|---|---|
| fixed length control field | 01001nam a2200241Ia 4500 |
| 003 - CONTROL NUMBER IDENTIFIER | |
| control field | IN-BaIIA |
| 008 - FIXED-LENGTH DATA ELEMENTS--GENERAL INFORMATION | |
| fixed length control field | 211028s9999 xx 000 0 eng d |
| 040 ## - CATALOGING SOURCE | |
| Transcribing agency | IIA Library |
| 080 ## - UNIVERSAL DECIMAL CLASSIFICATION NUMBER | |
| Universal Decimal Classification number | 52-14(082.2) |
| Item number | COD |
| 111 ## - MAIN ENTRY--MEETING NAME | |
| Meeting name or jurisdiction name as entry element | Symposium on the Scientific Results from the Orbiting Astronomical Observatory |
| Location of meeting | Massachusetts |
| Date of meeting or treaty signing | 1971 Aug. 23-24 |
| 9 (RLIN) | 12672 |
| 245 #4 - TITLE STATEMENT | |
| Title | The scientific results from the orbiting astronomical observatory |
| Remainder of title | proceedings of a Symposium held in Amherst Massachusetts August 23-24, 1971 |
| Statement of responsibility, etc. | edited by A. D. Code |
| 260 ## - PUBLICATION, DISTRIBUTION, ETC. | |
| Place of publication, distribution, etc. | Washington |
| Name of publisher, distributor, etc. | National Aeronautics and Space Administration |
| Date of publication, distribution, etc. | 1972 |
| 300 ## - PHYSICAL DESCRIPTION | |
| Extent | x, 590p. |
| 490 ## - SERIES STATEMENT | |
| Series statement | NASA SP; 310 |
| 500 ## - GENERAL NOTE | |
| General note | Donated by Mrs. Bappu |
| 650 ## - SUBJECT ADDED ENTRY--TOPICAL TERM | |
| Topical term or geographic name entry element | Astronomy |
| 9 (RLIN) | 80 |
| 650 ## - SUBJECT ADDED ENTRY--TOPICAL TERM | |
| Topical term or geographic name entry element | Astronomy and Astrophysics Thesaurus |
| 650 ## - SUBJECT ADDED ENTRY--TOPICAL TERM | |
| Topical term or geographic name entry element | OAO-2 |
| 9 (RLIN) | 12673 |
| 650 ## - SUBJECT ADDED ENTRY--TOPICAL TERM | |
| Topical term or geographic name entry element | Space Vehicles |
| 9 (RLIN) | 3652 |
| 700 ## - ADDED ENTRY--PERSONAL NAME | |
| Personal name | Code, A. D., ed. |
| 9 (RLIN) | 12674 |
| 710 ## - ADDED ENTRY--CORPORATE NAME | |
| Corporate name or jurisdiction name as entry element | National Aeronautics and Space Administration |
| 9 (RLIN) | 4960 |
| 942 ## - ADDED ENTRY ELEMENTS (KOHA) | |
| Koha item type | Books |
| Withdrawn status | Lost status | Damaged status | Not for loan | Home library | Current library | Shelving location | Date acquired | Total Checkouts | Full call number | Barcode | Date last seen | Price effective from | Koha item type |
|---|---|---|---|---|---|---|---|---|---|---|---|---|---|
| IIA Library-Bangalore | IIA Library-Bangalore | General Stacks | 05/07/1983 | 52-14(082.2)/ COD | 8221 | 05/11/2021 | 05/07/1983 | Books |